Enforcing EC law

Gespeichert in:
Bibliographische Detailangaben
1. Verfasser: Steiner, Josephine
Format: Buch
Sprache:Englisch
Veröffentlicht: London Blackstone Press Limited 1995
Schlagworte:
Tags: Tag hinzufügen
Keine Tags, Fügen Sie das erste Tag hinzu!

MARC

LEADER 00000nam a2200000 4500
001 c117276
005 20231215115120.3
020 |a 1-85431-320-7 
041 0 |a eng 
044 |a GB 
245 1 0 |a Enforcing EC law  |c Josephine Steiner 
264 1 |a London  |b Blackstone Press Limited  |c 1995 
300 |a [188] s. 
610 2 0 |a integrácia ekonomická medzinárodná 
610 2 0 |a spolupráca hospodárska medzinárodná 
610 2 0 |a inštitúcia 
610 2 0 |a zákony 
610 2 0 |a legislatíva 
610 2 0 |a právo 
610 2 0 |a Európske spoločenstvá 
100 1 |a Steiner, Josephine